Határokon túli magyar helységnévszótár

Bibliographic Details
Main Author: Sebők, László (Author)
Format: Book
Language:Hungarian
PhysicalDescription:353 s. 24 cm
Published: Budapest Teleki László Alapítvány 1997
ISBN:9630490331
Subjects:

MARC

LEADER 00000nam a2200000 a 4500
001 vtls001394661
003 SK-MaSNL
005 20260301115907.0
008 251124s1997 hu bad r 1yy0 hun
015 |a SNBZSA2001-00406 
020 |a 9630490331 
035 |a SNK000348997 
035 |a urn:nbn:sk:snk-amk3ju 
035 |a urn:nbn:sk:snk-am005crl 
035 |a E8A1CB74-3150-4D5A-9105-059EA7819B60 
040 |a SNK  |b slo  |c SNK  |e AACR2 
041 0 |a hun 
044 |a HU 
080 |a 801.311.7=00  |2 1981 
080 |a 943.92(038)=00  |2 1981 
080 |a 914.439.2(038)=00  |2 1981 
100 1 |a Sebők, László  |4 aut  |9 304177 
245 1 0 |a Határokon túli magyar helységnévszótár  |c Sebők László 
260 |a Budapest  |b Teleki László Alapítvány  |c 1997 
300 |a 353 s.  |c 24 cm 
504 |a Bibliogr. 341-342. Reg. nem. názvov. Reg. maď. názvov. Res. angl. a nem. 
650 0 7 |a toponymá  |2 SNKPH  |9 90084 
651 7 |a Uhorsko  |2 SNKPHgeo  |9 28673 
655 7 |a viacjazyčné slovníky  |2 SNKPH  |9 70585 
919 |a 963-04-903-31 
958 |a OND 
958 |a ZS 
958 |a TL 
958 |a HU 
958 |a NB 
999 |c 723954  |d 725884 
952 |t P60, <04>, [BOOK], {604}  |a SNK  |b SNK  |y VYP  |7 0  |p 17A0318563  |o snkSC 106329 D1  |i snkV 1446/2001  |0 0  |1 0  |4 0  |d 2001-10-30  |l 0  |r 2005-01-02 00:00:00  |w 2026-02-23 
952 |t P60, <03>, [BOOK], {603}  |a SNK  |b SNK  |y PREZ  |7 0  |p 17A0256433  |o snkSC 106329  |i snkV 1741/2000  |0 0  |1 0  |4 0  |d 2000-11-02  |f 1  |l 0  |r 2025-09-26 00:00:00  |w 2026-02-23